00521nam a2200145Ia 4500003000400000008004100004040001600045082001700061100004300078245009800121260005500219300001100274490000500285650008500290GCL140319s9999 xx 000 0 ara d aGCL / cGCL04a301.2bم ت1 aمحمد ابراهيم الفيومى10aتاملات فى ازمة العقل العربى / cمحمد ابراهيم الفيومى a[S.N] : bدار الفكر العربى ، c1991 a205 ص a04aالحضارة العربية الاسلامية - المعارف البحرية